Squadra della stagione della UEFA Champions League - 2014-2015 - Statistics

Statistiche generali
  • Questo quiz è stato fatto 9 volte
  • Il punteggio medio è 16 su 18
Statistiche sulle risposte
Ruolo Nazione Squadra Calciatore % Corretto
Centrocampista Italia Juventus Andrea Pirlo
100%
Centrocampista Spagna Barcellona Andrés Iniesta
100%
Difensore Spagna Barcellona Gerard Piqué
100%
Portiere Italia Juventus Gianluigi Buffon
100%
Difensore Italia Juventus Giorgio Chiellini
100%
Centrocampista Croazia Barcellona Ivan Rakitić
100%
Portiere Germania Barcellona Marc-André ter Stegen
100%
Centrocampista Spagna Barcellona Sergio Busquets
100%
Attaccante Spagna Juventus Álvaro Morata
88%
Attaccante Portogallo Real Madrid Cristiano Ronaldo
88%
Difensore Argentina Barcellona Javier Mascherano
88%
Difensore Spagna Barcellona Jordi Alba
88%
Attaccante Argentina Barcellona Lionel Messi
88%
Attaccante Uruguay Barcellona Luis Suárez
88%
Attaccante Brasile Barcellona Neymar
88%
Centrocampista Italia Juventus Claudio Marchisio
75%
Centrocampista Germania Real Madrid Toni Kroos
63%
Difensore Serbia Chelsea Branislav Ivanović
50%
Nessun quiz corrispondente trovato
Distribuzione punteggi
Percentuale di utenti per punteggio
Percentile per numero di risposta
I tuoi punteggi nel tempo
Non hai fatto questo quiz